Central Library OPAC University of Rajshahi

Italian landscape in eighteenth century England : (Record no. 86514)

MARC details
000 -LEADER
fixed length control field 01438nam a2200349 a 4500
001 - CONTROL NUMBER
control field 86514
003 - CONTROL NUMBER IDENTIFIER
rucl marc code BD-RjUL
005 - DATE AND TIME OF LATEST TRANSACTION
control field 20260519110323.0
008 - FIXED-LENGTH DATA ELEMENTS--GENERAL INFORMATION
fixed length control field 260519s1925 enkcef 000 0 eng
035 ## - SYSTEM CONTROL NUMBER
System control number (BD-RjUL)86514
040 ## - CATALOGING SOURCE
Original cataloging agency DLC
Transcribing agency OAkU
Modifying agency OCoLC
-- DLC
-- BD-RjUL
Language of cataloging eng
041 ## - LANGUAGE CODE
Language code of text/sound track or separate title eng
042 ## - AUTHENTICATION CODE
Authentication code premarc
082 ## - DEWEY DECIMAL CLASSIFICATION NUMBER
Edition number 23
Classification number 712.0942
Author mark and year MAI 1925
100 1# - MAIN ENTRY--PERSONAL NAME
Personal name Manwaring, Elizabeth Wheeler,
Dates associated with a name 1879-
9 (RLIN) 18524
245 10 - TITLE STATEMENT
Title Italian landscape in eighteenth century England :
Remainder of title a study chiefly of the influence of Claude Lorrain and Salvator Rosa on English taste, 1700-1800 /
Statement of responsibility, etc. by Elizabeth Wheeler Manwaring.
260 ## - PUBLICATION, DISTRIBUTION, ETC. (IMPRINT)
Place of publication, distribution, etc. New York ;
-- London :
Name of publisher, distributor, etc. Oxford University Press,
Date of publication, distribution, etc. 1925.
300 ## - PHYSICAL DESCRIPTION
Pagination xi, 243 p. :
Illustrations ill.;
Size 23 cm.
336 ## - CONTENT TYPE
Content type term text
Content type code txt
Source rdacontent
337 ## - MEDIA TYPE
Media type term unmediated
Media type code n
Source rdamedia
338 ## - CARRIER TYPE
Carrier type term volume
Carrier type code nc
Source rdacarrier
490 0# - SERIES STATEMENT
Series statement The Wellesley semicentennial series
500 ## - GENERAL NOTE
General note "In its original form, this study was presented to the English faculty of the Graduate school of Yale university in candidacy for the degree of doctor of philosophy."-Pref.
600 10 - SUBJECT ADDED ENTRY--PERSONAL NAME
Personal name Lorrain, Claude,
Dates associated with a name 1600-1682.
Personal name Rosa, Salvatore,
Dates associated with a name 1615-1673.
650 #0 - SUBJECT ADDED ENTRY--TOPICAL TERM
Topical term or geographic name as entry element Landscapes
Geographic subdivision England
9 (RLIN) 18527
Topical term or geographic name as entry element Landscape painting
Geographic subdivision Italy
9 (RLIN) 18528
Topical term or geographic name as entry element Nature (Aesthetics)
9 (RLIN) 18529
Topical term or geographic name as entry element Landscape painting
Geographic subdivision Italy.
9 (RLIN) 18528
Topical term or geographic name as entry element Landscape gardening
Geographic subdivision England.
9 (RLIN) 18530
942 ## - ADDED ENTRY ELEMENTS (KOHA)
Source of classification or shelving scheme Dewey Decimal Classification
Koha item type Books
Holdings
Lost status Source of classification or shelving scheme Damaged status Not for loan Collection code Permanent Location Current Location Shelving location Date acquired Total Checkouts Full call number Date last seen Copy number Koha item type
  Dewey Decimal Classification   Not For Loan Non-fiction Central Library, University of Rajshahi Central Library, University of Rajshahi Reading Room 19/05/2026   712.0942 MAI 1925 19/05/2026 C-1 Books